000 00643nam a2200241Ia 4500
003 OSt
005 20221006145511.0
006 a|||||r|||| 00| 0
007 ta
008 221006b |||||||| |||| 00| 0 eng d
020 _c150.00
024 _a15,093
037 _cTextual
040 _aEASL
_cEASL
_beng
041 _2eng
_aeng
082 _aV41.E, L0
100 _aMOLE Gabriella
_9654608
245 0 _aTu-yu Hun from the Northern wei to the time of the five dynasties
260 _aRoma
_bIs. M.E.O
_c1970
300 _a288p.
_ccm.
942 _hV41.E, L0
_cTEXL
_2CC
999 _c1083179
_d1083179